00494nam a2200193Ia 4500008004100000020001800041050001700059050001800076100002300094245004300117245002900160245002300189260001300212260002200225260000900247300001600256300001100272650001700283180523s9999 xx 000 0 und d a81-7224-426-6 aMAIN BF 697  b.H49 2003 c.2 aHewitt, William W. 4aThe Art of developing personal power : 0b(the art of self-talk) / 0cWilliam W. Hewitt. aMumbai : bJaico Publishing, c2003 a180 pages : c22 cm. aSelf-esteem.